000 00475nam a2200181Ia 4500
005 20240821041827.0
008 240331s9999 xx 000 0 und d
082 _bCOM
_a613
100 _a
245 0 _aCommunity health in Asia :
_ba report on wo workshops
260 _aSingapore
_bChristian Conference of Asia
_c1977
300 _a149 p .,
650 _aHealth
650 _aDevelopment
650 _aSocio-Political
700 _aRifkin, Susan B,
_eedt
942 _cL
999 _c3010
_d3010